00894cam a22002293a 45000010005000000030006000050050017000110080041000280400015000690420007000840500007000912450078000982600029001765050251002055060030004565160020004866530018005067000039005247000032005638300028005958560041006239050PGUSA20140828083207.0051001s2005||||xxu|||||s|||||000 | eng d aPGUSAbeng adc 4aPR12aA Select Collection of Old English Plays, Volume 1h[electronic resource] bProject Gutenberg,c20050 aInterlude of the four elements -- The tragic-comedy of Calisto and Melibaea -- Everyman: a moral play -- Hickscorner -- The pardoner and the friar -- The world and the child -- God's promises -- The four P.P. -- A new interlude, called Thersites. aPublic domain in the USA. aElectronic text aEnglish drama1 aHazlitt, William Carew,d1834-19131 aDodsley, Robert,d1703-1764 0aProject Gutenbergv905040uhttp://www.gutenberg.org/ebooks/9050